SOCIAL PSYCHOLOGY (Record no. 1472)

MARC details
000 -LEADER
fixed length control field 00281nam a2200133Ia 4500
082 ## - DEWEY DECIMAL CLASSIFICATION NUMBER
Classification number 150
Item number S05B
100 ## - MAIN ENTRY--PERSONAL NAME
Personal name BARON , ROBERT A.
245 ## - TITLE STATEMENT
Title SOCIAL PSYCHOLOGY
250 ## - EDITION STATEMENT
Edition statement 10TH
260 ## - PUBLICATION, DISTRIBUTION, ETC. (IMPRINT)
Name of publisher, distributor, etc PEARSON
Place of publication, distribution, etc INDIA
Year of Publication 2005
300 ## - PAGE DESCRIPTION
No. of Pages 1-728
650 ## - SUBJECT ADDED ENTRY--TOPICAL TERM
Topical term or geographic name as entry element PSYCHOLOGY
942 ## - ADDED ENTRY ELEMENTS (KOHA)
Source of classification or shelving scheme Dewey Decimal Classification
Koha item type Books
942 ## - ADDED ENTRY ELEMENTS (KOHA)
-- 9
Holdings
Withdrawn status Lost status Source of classification or shelving scheme Damaged status Not for loan Collection code Home library Current library Shelving location Date acquired Vendor Name Cost, normal purchase price SGTU Total Checkouts Full call number Accession No. (Barcode) Date last seen Date last borrowed Bill Date Koha item type
    Dewey Decimal Classification     MEDICAL SGT Engineering Library SGT Engineering Library Text Book 20/03/2013 UBS DELHI 550.00 SGTU 15 150 S05B FM5317 03/11/2025 03/11/2025 20/03/2013 Books
    Dewey Decimal Classification     MEDICAL SGT Medical Library SGT Medical Library Text Book 20/03/2013 UBS DELHI 550.00 SGTU 6 150 S05B FM5316 19/04/2024 15/04/2024 20/03/2013 Books